Real Madrid Squad Champions League 2024/2025 - Statistics

General Stats
  • This quiz has been taken 140 times
  • The average score is 19 of 25
Answer Stats
Picture Answer % Correct
Thibaut Courtois
99%
Andriy Lunin
92%
Dani Carvajal
92%
Antonio Rüdiger
91%
Éder Militão
90%
David Alaba
89%
Jude Bellingham
89%
Kylian Mbappé
89%
Luka Modrić
89%
Eduardo Camavinga
88%
Vinícius Junior
88%
Ferland Mendy
87%
Federico Valverde
86%
Aurelién Tchouaméni
85%
Rodrygo
85%
Arda Güler
84%
Endrick
84%
Brahim Díaz
80%
Lucas Vázquez
77%
Dani Ceballos
71%
Fran García
71%
Jesús Vallejo
66%
Sergio Mestre
14%
Lorenzo Aguado
11%
Kike Ribes
4%
No matching quizzes found
Score Distribution
Percent of People with Each Score
Percentile by Number Answered
Your Score History
You have not taken this quiz